Reflections on biochemistry : (Record no. 11825)
[ view plain ]
| 000 -LEADER | |
|---|---|
| fixed length control field | 01013cam a2200325 i 4500 |
| 001 - CONTROL NUMBER | |
| control field | 11825 |
| 003 - CONTROL NUMBER IDENTIFIER | |
| rucl marc code | BD-RjUL |
| 005 - DATE AND TIME OF LATEST TRANSACTION | |
| control field | 20211208235205.0 |
| 008 - FIXED-LENGTH DATA ELEMENTS--GENERAL INFORMATION | |
| fixed length control field | 140127s1976 enka 111 0beng |
| 020 ## - INTERNATIONAL STANDARD BOOK NUMBER | |
| International Standard Book Number | 0080210112 |
| International Standard Book Number | 0080210104 (pbk.) |
| 035 ## - SYSTEM CONTROL NUMBER | |
| System control number | (BD-RjUL)11874 |
| 040 ## - CATALOGING SOURCE | |
| Original cataloging agency | DLC |
| Transcribing agency | DLC |
| Modifying agency | BD-RjUL |
| Language of cataloging | eng |
| 041 ## - LANGUAGE CODE | |
| Language code of text/sound track or separate title | eng |
| 060 ## - NATIONAL LIBRARY OF MEDICINE CALL NUMBER | |
| Classification number | QU11.1 I61r 1975 |
| 082 00 - DEWEY DECIMAL CLASSIFICATION NUMBER | |
| Classification number | 574.1920904 |
| Author mark and year | REF 1976 |
| 245 10 - TITLE STATEMENT | |
| Title | Reflections on biochemistry : |
| Remainder of title | in honour of Severo Ochoa / |
| Statement of responsibility, etc. | editors, A. Kornberg ... [et al.]. |
| 250 ## - EDITION STATEMENT | |
| Edition statement | 1st ed. |
| 260 ## - PUBLICATION, DISTRIBUTION, ETC. (IMPRINT) | |
| Place of publication, distribution, etc. | Oxford ; |
| -- | New York : |
| Name of publisher, distributor, etc. | Pergamon Press, |
| Date of publication, distribution, etc. | 1976. |
| 300 ## - PHYSICAL DESCRIPTION | |
| Pagination | ix, 465 p. : |
| Illustrations | ill. ; |
| Size | 25 cm. |
| 504 ## - BIBLIOGRAPHY, ETC. NOTE | |
| Bibliography, etc | Includes indexes. |
| 600 10 - SUBJECT ADDED ENTRY--PERSONAL NAME | |
| Personal name | Ochoa, Severo, |
| Dates associated with a name | 1905-1993 |
| 650 #0 - SUBJECT ADDED ENTRY--TOPICAL TERM | |
| Topical term or geographic name as entry element | Biochemistry |
| Form subdivision | Congresses. |
| 9 (RLIN) | 36629 |
| Topical term or geographic name as entry element | Biochemistry |
| General subdivision | History |
| Form subdivision | Congresses. |
| 9 (RLIN) | 36630 |
| 700 1# - ADDED ENTRY--PERSONAL NAME | |
| Personal name | Ochoa, Severo, |
| Dates associated with a name | 1905-1993. |
| Personal name | Kornberg, Arthur, |
| Dates associated with a name | 1918-2007. |
| 942 ## - ADDED ENTRY ELEMENTS (KOHA) | |
| Source of classification or shelving scheme | Dewey Decimal Classification |
| Koha item type | Books |
| Lost status | Source of classification or shelving scheme | Damaged status | Not for loan | Collection code | Permanent Location | Current Location | Shelving location | Date acquired | Source of acquisition | Cost, normal purchase price | Total Checkouts | Full call number | Date last seen | Copy number | Koha item type |
|---|---|---|---|---|---|---|---|---|---|---|---|---|---|---|---|
| Dewey Decimal Classification | Not For Loan | Non-fiction | Central Library, University of Rajshahi | Central Library, University of Rajshahi | Reading Room | 17/12/1981 | Heffers | 12.50 | 574.1920904 REF 1976 | 27/01/2014 | C-1 | Books |